| 000 | 01650nam0a2200349 4500 | ||
|---|---|---|---|
| 001 | RU\NLR\bibl\1409854 | ||
| 005 | 20260407205317.0 | ||
| 010 | _a978-5-7139-0627-6 | ||
| 021 |
_aRU _b2009-53280 _93283 |
||
| 035 | _a(nilc)RSL-KNO-004351155 | ||
| 035 | _a(NLR Aleph) 001401840 | ||
| 090 |
_a1227379 _c1227379 |
||
| 100 | _a20090629d2008 |||y0rusy50 ca | ||
| 101 | 0 |
_arus _dkor |
|
| 102 | _aRU | ||
| 105 | _aa zzzz||||| | ||
| 200 | 1 |
_aЕвроазиатский форум социального обеспечения, 14 февраля 2008 года, г. Москва _eтезисы выступлений и стенографические материалы |
|
| 210 |
_aМосква _cИзд-во Российского государственного социального университета _d2008 |
||
| 215 |
_a83, [1] с., [4] л. цв. ил. _cтабл. _d21 |
||
| 300 | _aВ надзаг.: Рос. гос. социал. ун-т, Корейс. гос. социал. ун-т, Кор. ассоц. социал. работников | ||
| 300 | _aРез. на кор. яз. | ||
| 606 | 1 |
_aСоциальное обеспечение _jТезисы докладов _9976090 _3RU\NLR\auth\6648021 |
|
| 686 |
_aУ9(2)272я431(0) _2rubbk |
||
| 686 |
_aУ9(5КоЮ)272я431(0) _2rubbk |
||
| 686 | _aУ27(0)2я431 | ||
| 710 | 1 | 2 |
_aЕвроазиатский форум социального обеспечения _f2008 _eМосква _3RU\NLR\AUTH\8810137562 _9770544 |
| 801 | 0 |
_aRU _bРКП _c20090629 _grcr |
|
| 801 | 1 |
_aRU _bРГБ _c20090629 |
|
| 801 | 2 |
_aRU _bNLR _c20090909 _grcr |
|
| 942 | _cBOOK | ||
| 980 | _aNB | ||